000 00559 a2200205 4500
005 20260112144353.0
008 260112b |||||||| |||| 00| 0 eng d
020 _a9789390461356
_cRs. 800.00
040 _aMAIN
082 _a796.07072
_bB223R
100 _aBanerjee, Rajat Kumar
245 _aResearch and statistics in physical education
260 _bKhel Sahitya Kendra
_c2025
_aNew Delhi
300 _a143
500 _aB.P.Ed. Semester-IV
650 _aPhysical Education
650 _aSports
650 _aStatistics- Research
942 _cBK
999 _c393720
_d393720